| 000 | 01555cam a2200373 i 4500 | ||
|---|---|---|---|
| 999 |
_c1865 _d1865 |
||
| 001 | 17800797 | ||
| 003 | OSt | ||
| 005 | 20230213110736.0 | ||
| 008 | 130703s2014 nyua j b 001 0 eng c | ||
| 010 | _a 2013026792 | ||
| 020 | _a9781622752447 (pbk.) | ||
| 040 |
_aNJQ/DLC _beng _cNJQ _erda _dDLC _dKH8 |
||
| 042 | _apcc | ||
| 082 | 0 | 4 |
_a577.82 SPI _223 |
| 100 | 1 |
_aSpilsbury, Louise, _eauthor. |
|
| 245 | 1 | 0 |
_aWhat are habitats & biomes? / _cLouise Spilsbury. |
| 246 | 3 | _aWhat are habitats and biomes | |
| 250 | _aFirst edition. | ||
| 264 | 1 |
_aNew York, NY : _bBritannica Educational Publishing, in association with Rosen Educational Services, _c2014. |
|
| 300 |
_a32 pages : _bcolor illustrations ; _c21 cm. |
||
| 336 |
_atext _2rdacontent |
||
| 337 |
_aunmediated _2rdamedia |
||
| 338 |
_avolume _2rdacarrier |
||
| 490 | 0 | _aLet's find out! Life science | |
| 504 | _aIncludes bibliographical references (page 31) and index. | ||
| 505 | 0 | _aHabitats and biomes -- Adapting to habitats and biomes -- Oceans -- Rivers, ponds, and lakes -- Wetlands -- Woodlands -- Conifer forests -- Rain forests -- Deserts -- Grasslands -- Scrublands -- Tundra -- Habitats and biomes under threat. | |
| 521 | 2 | _aGrades 3 to 6. | |
| 650 | 0 |
_aBiotic communities _vJuvenile literature. |
|
| 650 | 0 |
_aHabitat (Ecology) _vJuvenile literature. |
|
| 650 | 0 |
_aHabitat conservation _vJuvenile literature. |
|
| 906 |
_a7 _bcbc _corignew _d1 _eecip _f20 _gy-gencatlg |
||
| 942 |
_2ddc _cNFIC |
||